Real Capital Cities by Fake Capital Cities - Statistics

General Stats
  • This quiz has been taken 15 times
  • The average score is 10 of 10
Answer Stats
Fake Capital Real Capital % Correct
Shanghai or Hong Kong Beijing
100%
Rio de Janeiro or Sao Paulo Brasilia
100%
Melbourne or Sydney Canberra
100%
Barcelona Madrid
100%
Toronto or Vancouver Ottawa
100%
Dubai Abu Dhabi
93%
Istanbul Ankara
93%
Alexandria Cairo
93%
Johannesburg Bloemfontein / Cape Town / Pretoria
87%
Mecca Riyadh
87%
No matching quizzes found
Score Distribution
Percent of People with Each Score
Percentile by Number Answered
Your Score History
You have not taken this quiz